Sports Quiz

Random Sports or MLB Quiz

MLB 2000-2009 Quiz Stats

 Plays Quiz Updated Oct 18, 2014

Score 0/120 Timer 10:00
2 Plays Today
Year % Correct
World Series ChampionNew York Yankees
98.6%
World Series ChampionNew York Yankees
98.6%
World Series Runner-UpNew York Yankees
98.6%
World Series Runner-UpNew York Yankees
98.6%
AL Runner-UpNew York Yankees
98.6%
World Series ChampionBoston Red Sox
97.4%
World Series ChampionBoston Red Sox
97.4%
AL Runner-UpBoston Red Sox
97.4%
AL Runner-UpBoston Red Sox
97.4%
World Series ChampionSt Louis Cardinals
94.9%
World Series Runner-UpSt Louis Cardinals
94.9%
NL Runner-UpSt Louis Cardinals
94.9%
NL Runner-UpSt Louis Cardinals
94.9%
NL Runner-UpSt Louis Cardinals
94.9%
World Series Runner-UpSan Francisco Giants
94.1%
World Series ChampionChicago White Sox
92.4%
World Series ChampionFlorida Marlins
92.2%
World Series ChampionArizona Diamondbacks
90.9%
NL Runner-UpArizona Diamondbacks
90.9%
AL Runner-UpOakland Athletics
90.8%
World Series ChampionPhiladelphia Phillies
90%
World Series Runner-UpPhiladelphia Phillies
90%
World Series ChampionLos Angeles Angels of Anaheim
90%
AL Runner-UpLos Angeles Angels of Anaheim
90%
AL Runner-UpLos Angeles Angels of Anaheim
90%
World Series Runner-UpNew York Mets
89.9%
NL Runner-UpNew York Mets
89.9%
World Series Runner-UpDetroit Tigers
86.6%
World Series Runner-UpTampa Bay Rays
86.5%
World Series Runner-UpHouston Astros
85.7%
NL Runner-UpHouston Astros
85.7%
World Series Runner-UpColorado Rockies
84.2%
AL MVPAlex Rodriguez
83.7%
AL MVPAlex Rodriguez
83.7%
AL MVPAlex Rodriguez
83.7%
NL Runner-UpLos Angeles Dodgers
83.3%
NL Runner-UpLos Angeles Dodgers
83.3%
NL Runner-UpAtlanta Braves
81.1%
AL Runner-UpSeattle Mariners
79.5%
AL Runner-UpSeattle Mariners
79.5%
Year % Correct
NL Runner-UpChicago Cubs
79%
NL MVPBarry Bonds
78.2%
NL MVPBarry Bonds
78.2%
NL MVPBarry Bonds
78.2%
NL MVPBarry Bonds
78.2%
NL Batting ChampionBarry Bonds
78.2%
NL Batting ChampionBarry Bonds
78.2%
NL MVPAlbert Pujols
76.1%
NL MVPAlbert Pujols
76.1%
NL MVPAlbert Pujols
76.1%
NL Rookie of the YearAlbert Pujols
76.1%
NL Batting ChampionAlbert Pujols
76.1%
AL Runner-UpCleveland Indians
75.9%
AL Runner-UpMinnesota Twins
74.3%
NL Cy YoungRandy Johnson
73.8%
NL Cy YoungRandy Johnson
73.8%
NL Cy YoungRandy Johnson
73.8%
AL Cy YoungRoger Clemens
70.7%
NL Cy YoungRoger Clemens
70.7%
AL Cy YoungPedro Martinez
66.5%
AL MVPIchiro Suzuki
61%
AL Rookie of the YearIchiro Suzuki
61%
AL Batting ChampionIchiro Suzuki
61%
AL Batting ChampionIchiro Suzuki
61%
AL Batting ChampionManny Ramirez
59%
NL Rookie of the YearHanley Ramirez
58.8%
NL Batting ChampionHanley Ramirez
58.8%
AL Cy YoungCliff Lee
58.8%
NL Batting ChampionDerrek Lee
58.5%
AL Cy YoungRoy Halladay
58.4%
NL MVPRyan Howard
56.9%
NL Rookie of the YearRyan Howard
56.9%
AL Cy YoungCC Sabathia
54.2%
AL Rookie of the YearJustin Verlander
52.9%
NL MVPJimmy Rollins
50.6%
AL MVPJoe Mauer
50.5%
AL Batting ChampionJoe Mauer
50.5%
AL Batting ChampionJoe Mauer
50.5%
AL Batting ChampionJoe Mauer
50.5%
AL MVPDustin Pedroia
48%
Year % Correct
AL Rookie of the YearDustin Pedroia
48%
AL MVPJason Giambi
47.2%
NL Cy YoungTim Lincecum
45.8%
NL Cy YoungTim Lincecum
45.8%
NL Batting ChampionChipper Jones
45.8%
AL Cy YoungJohan Santana
45.3%
AL Cy YoungJohan Santana
45.3%
AL MVPJustin Morneau
44.5%
AL MVPMiguel Tejada
41.4%
NL MVPJeff Kent
40.9%
NL Cy YoungChris Carpenter
40.8%
AL Cy YoungBarry Zito
40.2%
AL MVPVladimir Guerrero
37.1%
NL Batting ChampionTodd Helton
36.9%
NL Rookie of the YearRyan Braun
34.3%
NL Cy YoungJake Peavy
33%
AL Cy YoungZack Greinke
32%
NL Batting ChampionLarry Walker
29.5%
NL Cy YoungBrandon Webb
28.2%
NL Cy YoungEric Gagne
28%
AL Cy YoungBartolo Colon
25.9%
NL Batting ChampionMatt Holliday
25.3%
AL Batting ChampionNomar Garciaparra
23.7%
AL Rookie of the YearEvan Longoria
23.1%
AL Batting ChampionMichael Young
22.1%
AL Batting ChampionMagglio Ordonez
20%
NL Rookie of the YearDontrelle Willis
19%
NL Batting ChampionFreddy Sanchez
16.1%
AL Batting ChampionBill Mueller
14.8%
NL Rookie of the YearJason Bay
11.8%
AL Rookie of the YearAngel Berroa
10.1%
NL Rookie of the YearChris Coghlan
8.9%
NL Rookie of the YearGeovany Soto
8.5%
AL Rookie of the YearEric Hinske
8.3%
AL Rookie of the YearBobby Crosby
8.1%
NL Rookie of the YearRafael Furcal
7.6%
AL Rookie of the YearHuston Street
7.4%
AL Rookie of the YearAndrew Bailey
6.3%
AL Rookie of the YearKazuhiro Sasaki
5.9%
NL Rookie of the YearJason Jennings
4.1%

You're not logged in!

Compare scores with friends on all Sporcle quizzes.
Join for Free
OR
Log In

You Might Also Like...

Show Comments

Extras

Top Quizzes Today


Score Distribution

Your Account Isn't Verified!

In order to create a playlist on Sporcle, you need to verify the email address you used during registration. Go to your Sporcle Settings to finish the process.

Report this User

Report this user for behavior that violates our Community Guidelines.

Details: